000 00388nam a22001697a 4500
003 MPLRDC
005 20220104142541.0
008 210129b ||||| |||| 00| 0 eng d
082 _a100 CTX c.3
100 _a传统先著
245 _a哲学与人生
_c
260 _a
_b天文出版社
_c1970
300 _b
490 _a真善美丛刊
650 _a
942 _cBK
_o100 CTX c.3
999 _c31797
_d31787